Gaceta jurisprudencia y tesis en materia electoral : órgano de difusión de los criterios emitidos por el TEPJF : número especial 2, 2010 /

Spremljeno u:
Bibliografski detalji
Autor kompanije: Tribunal Electoral del Poder Judicial de la Federación
Format: Knjiga
Jezik:španjolski
Izdano: México : Tribunal Electoral del Poder Judicial de la Federación, 2010, c2010
Serija:(Gaceta Jurisprudencia y Tesis en Materia Electoral. Número Especial ; 2)
Teme:
Oznake: Dodaj oznaku
Bez oznaka, Budi prvi tko označuje ovaj zapis!

MARC

LEADER 00000nam^a2200000^a^4500
001 000318782
005 20250521000000.0
008 120127 20102010
009 20260310113422.802
037 |a Acervo ITESO - Biblioteca 
041 |a ESP 
082 |a 342. 7207  |b GAC ESP V. 2 
110 |a Tribunal Electoral del Poder Judicial de la Federación 
240 1 1 |a [Gaceta jurisprudencia y tesis en materia electoral] 
245 1 0 |a Gaceta jurisprudencia y tesis en materia electoral :  |b órgano de difusión de los criterios emitidos por el TEPJF : número especial 2, 2010 /  |c Tribunal Electoral del Poder Judicial de la Federación. 
264 4 |a México :  |b Tribunal Electoral del Poder Judicial de la Federación,  |c 2010, c2010 
300 |a 141 p. 
336 |a texto  |b txt  |2 rdacontenido 
337 |a sin mediación  |b n  |2 rdamedio 
338 |a volumen  |b nc  |2 rdasoporte 
440 1 |a (Gaceta Jurisprudencia y Tesis en Materia Electoral.  |p Número Especial ;  |v 2) 
649 |a XX 
650 |a Tribunal Electoral del Poder Judicial de la Federación -  |x Tema Principal 
650 |a Tribunales Electorales -  |z México 
650 |a Jurisprudencia -  |z México -  |x Tema Principal 
650 |a Jurisprudencia -  |z México -  |x Historia -  |y 2006-2012 
650 |a Jurisprudencia -  |x Publicaciones Periódicas Mexicanas 
650 |a Derecho Electoral -  |z México -  |x Tema Principal 
650 |a Derecho Político -  |z México 
650 |a Derecho Constitucional -  |z México 
650 |a Derecho Público -  |z México 
650 |a México -  |x Condiciones Jurídicas 
910 |a Fondo General 
920 |a Impresos - Libros 
930 |a Colección General 
905 |a 101 
901 |a 0500206047  |b IT1  |c ACC  |i D57687  |u 20250521 
902 |a https://opac.biblio.iteso.mx/vufind/Record/000318782